Score 0/49 Timer 05:00
2 Plays Today
Hint Word % Correct
⋆ _____ on me ⋆⋆ LEAN ⋆
99.7%
⋆ Somebody to _____ on ⋆⋆ LEAN ⋆
99.7%
_____ there, done thatBEEN
99.2%
Between the ages of 13-19TEEN
99.2%
Black or kidney, egBEAN
99%
Not wealthyPOOR
97.6%
⋆ And I'll be _____ friend ⋆⋆ YOUR ⋆
97.2%
If you're bad, Santa will put this in your stockingCOAL
97.2%
JacketCOAT
97%
An informal conversationCHAT
96.9%
To serve a drinkPOUR
96.8%
BilliardsPOOL
96.7%
DifficultHARD
96.5%
At that timeTHEN
96.2%
A slightly cold temperatureCOOL
96.2%
Blacken on a grillCHAR
95.8%
Group of cattleHERD
95.7%
To bite foodCHEW
95.7%
A great jumpLEAP
95.5%
I was afraid _____ ask me thatYOU'D
95.5%
Male ruler of a monarchyKING
95.3%
The cards dealt to a player in a gameHAND
95.3%
Sonny's partnerCHER
95.2%
Amount of items to be washed in an applianceLOAD
94.8%
With a lot of volumeLOUD
94.4%
Hint Word % Correct
⋆ _____ you're not strong ⋆⋆ WHEN ⋆
94.3%
⋆ I'll _____ you carry on ⋆⋆ HELP ⋆
94.3%
A large pileHEAP
93.9%
⋆ For it won't be _____⋆ LONG ⋆
93.8%
To suspend from aboveHANG
93.7%
NiceKIND
93.6%
PbLEAD
93.5%
GraspedHELD
93.4%
Donkey or DiddyKONG
92.9%
Curve in a roadBEND
92.8%
Breakfast, lunch, or dinnerMEAL
92.5%
Dispatch in the mailSEND
92.4%
Unkind or unfairMEAN
92.1%
To wrap something tightlyBIND
91.3%
An exclamation used to express reliefWHEW
91.3%
DorkNERD
91.2%
A fish-eating aquatic mammalSEAL
91%
Surname of Clark Kent's neighbor, LanaLANG
90.3%
A shadow of one's ______SELF
90.2%
Toy brand that specializes in foam weaponryNERF
90.1%
To give something in exchange for moneySELL
89.9%
An agricultural laborerSERF
87.9%
Pit or kernelSEED
87.9%
⋆ 'Til I'm gonna _____⋆ NEED ⋆
87.4%

Today's Daily Dose

Quick Pick
2004 Events

Get the Picture
Thor Movies

You're not logged in!

Compare scores with friends on all Sporcle quizzes.
OR
Log In

Sporcle TV

Today on Sporcle TV


Watch our educational content, quiz creation guides, and fun videos on Sporcle TV.

Show Comments

Extras

Top Quizzes Today


Score Distribution

Paid Content

Your Account Isn't Verified!

In order to create a playlist on Sporcle, you need to verify the email address you used during registration. Go to your Sporcle Settings to finish the process.

Report this User

Report this user for behavior that violates our Community Guidelines.

Details: